| 000 | 00812cam a2200301 4500500 | ||
|---|---|---|---|
| 005 | 20260329003840.0 | ||
| 041 | _afre | ||
| 042 | _adc | ||
| 100 | 1 | 0 |
_aTenaillon, Nicolas _eauthor |
| 245 | 0 | 0 | _aLa Chanson exactement. L’art difficile de Claude François |
| 260 | _c2017. | ||
| 500 | _a13 | ||
| 690 | _aAbsolu | ||
| 690 | _aAdorno | ||
| 690 | _aArtisan | ||
| 690 | _aChanson | ||
| 690 | _aClaude François | ||
| 690 | _aClo-Clo | ||
| 690 | _aÉlectricité | ||
| 690 | _aExcès | ||
| 690 | _aMilieu | ||
| 690 | _aMoyen | ||
| 690 | _aMusique | ||
| 690 | _aPerfection | ||
| 690 | _aPop | ||
| 786 | 0 | _nPhilosophie magazine | 108 | 4 | 2017-04-01 | p. 52-53 | 1951-1787 | |
| 856 | 4 | 1 | _uhttps://shs.cairn.info/magazine-philosophie-magazine-2017-4-page-52?lang=fr&redirect-ssocas=7080 |
| 999 |
_c1828352 _d1828352 |
||